| 000 | 02533cam a22002174a 4500 | ||
|---|---|---|---|
| 005 | 20250605163951.0 | ||
| 008 | 250528s ||||||||||||||||||||||||d | ||
| 035 | _a15392 | ||
| 020 | _a70287562 | ||
| 040 |
_aGR-AtMCL _bgre _dGR-AtMCL _eAACR2 |
||
| 245 | 1 | _aModern Business Management / A Systems and Environmental Approach | |
| 260 |
_bMcgraw Hill Book Company, _c1974 |
||
| 300 | _a538 | ||
| 505 | 0 | _aPreface, The Formation of Business Organizations, Business Organizations in Our Society, Why Organizations are Created, The Individual's Relationship to the Organization, The Resources of Business Organizations, The Management Process - An Overview, Stimulating Organizational Creativity, Charting the Organization's Direction, Developing the Organization's Structure, Motivating Employees, Sharing Ideas with Others, Measuring and Assuring the Organization's Progress, Managing the Activities of Business Organizations, Planning for Product Creation, Managing Production, Providing Organizational Funds, Managing Funds, Providing Human Resources, Managing the Marketing of Goods and Services, The Results of Business Organizations, Goods and Services for Customers, Business Organizations and the World around them, Meeting Society's Expectations, Unions in Today's Society, Special Issues in Managing Organizations, Small Business management, Careers in Nonbusiness Organizations, Index. | |
| 520 | _aPreface, The Formation of Business Organizations, Business Organizations in Our Society, Why Organizations are Created, The Individual's Relationship to the Organization, The Resources of Business Organizations, The Management Process - An Overview, Stimulating Organizational Creativity, Charting the Organization's Direction, Developing the Organization's Structure, Motivating Employees, Sharing Ideas with Others, Measuring and Assuring the Organization's Progress, Managing the Activities of Business Organizations, Planning for Product Creation, Managing Production, Providing Organizational Funds, Managing Funds, Providing Human Resources, Managing the Marketing of Goods and Services, The Results of Business Organizations, Goods and Services for Customers, Business Organizations and the World around them, Meeting Society's Expectations, Unions in Today's Society, Special Issues in Managing Organizations, Small Business management, Careers in Nonbusiness Organizations, Index. | ||
| 700 | 1 |
_aGullett Ray C _91303 |
|
| 700 | 1 |
_aHicks G. Herbert _91304 |
|
| 942 | _cBK | ||
| 999 |
_c976 _d976 |
||